[Event "POL-chT2 U18"]
[Site "Augustow"]
[Date "1996.??.??"]
[Round "?"]
[White "Drzazga, Sebastian"]
[Black "Dlugosz, Jedrzej"]
[Result "1-0"]
[WhiteElo "1800"]
[BlackElo "2090"]
[PlyCount "123"]
[EventDate "1996.??.??"]
[EventType "team"]
[EventRounds "10"]
[EventCountry "POL"]
[SourceTitle "EXT 2003"]
[Source "ChessBase"]
[SourceDate "2002.11.25"]
[SourceVersion "1"]
[SourceVersionDate "2002.11.25"]
[SourceQuality "1"]

1. e4 d6 2. d4 Nf6 3. Nc3 g6 4. Bg5 Bg7 5. Qd2 c6 6. f4 0-0 7. Nf3 b5 8. Bd3 Nbd7 9. e5 dxe5 10. fxe5 b4 11. Ne2 Nd5 12. 0-0 f6 13. Bh6 Qc7 14. Bc4 N7b6 15. Bd3 Bg4 16. Bxg7 Kxg7 17. exf6+ exf6 18. a3 c5 19. Kh1 Rfe8 20. Bb5 Re7 21. axb4 cxb4 22. h3 Bf5 23. c3 Nc4 24. Bxc4 Qxc4 25. Ng3 Bd3 26. Rfd1 Be2 27. b3 Qxb3 28. Nxe2 bxc3 29. Qa2 Qb5 30. Nc1 Rae8 31. Qb3 Qc6 32. Qa4 c2 33. Rg1 Qc7 34. Qa5 Qd6 35. Qc5 Qxc5 36. dxc5 Rc8 37. Ra5 Nc3 38. Re1 Rec7 39. Nd4 Kf7 40. Nxc2 Rxc5 41. Rxa7+ R5c7 42. Rxc7+ Rxc7 43. Nd4 Rd7 44. Ncb3 h5 45. Rc1 Ne4 46. Kh2 g5 47. Re1 Nc3 48. Nf5 Kg6 49. Nbd4 Nd5 50. Re8 h4 51. Rh8 Nf4 52. Rh6+ Kf7 53. Rh7+ Ke8 54. Rh8+ Kf7 55. Ra8 Nh5 56. Nf3 Nf4 57. Ra6 Nd5 58. Nh6+ Kg7 59. Ng4 Rd8 60. Nd4 Rd7 61. Ne6+ Kf7 62. Nxg5+ 1-0